000 00361nam a2200157Ia 4500
008 230917s9999||||xx |||||||||||||| ||und||
040 _e80554
_aMAIN
041 _aEnglish
082 _a342 S82A
100 _aSathe, S P
245 0 _aAdministrative law
250 _a5th ed.
260 _aBombay
_bN M Tripathi
_c1996
300 _alx,, 504 p.
942 _cBK
999 _c91794
_d91794